000 00416nam a2200181Ia 4500
005 20250603150034.0
008 250603s9999 xx 000 0 und d
020 _a9789789332175
050 _aPN 4733 .A48/
100 _aAmuta, C.
245 0 _aWritig the wrong: journalism essays
260 _aLagos
260 _bWilson & Weizmann
260 _c2014
300 _a1067 p
650 _aLagos
942 _cBK
999 _c43581
_d43581